| 000 | 00506 a2200193 4500 | ||
|---|---|---|---|
| 005 | 20250625114542.0 | ||
| 020 | _a0-256-22058-1 | ||
| 082 | _a601.4 LAY | ||
| 100 | _aLAY, M . M | ||
| 245 | _aTechnical Communication | ||
| 250 | _a2nd Ed. | ||
| 260 |
_aBoston _bMcGraw-Hill Irwin _c2000. |
||
| 300 |
_axxv,742p.: ill.; figures _bAppendix, Index, Glossary _c23cm |
||
| 700 | _aBillie J. Wahlstrom | ||
| 700 | _aCynthia L. Selfe | ||
| 700 | _aJack Selzer | ||
| 700 | _aCarolyn D. Rude | ||
| 942 |
_2ddc _cBKS |
||
| 999 |
_c5035 _d5035 |
||